00565nam a22001812 4500001001100000005001700011008004100028020002000069040001500089100003400104245007500138250001300213260003100226300001500257650006100272650004700333852000300380000001955020151217152157.0110107s xx 000 0 eng d a9781565937086 : aKABUcKABU1 aTaylor, Ronald L.@000016830610aAssessment of individuals with mental retardation /cRonald L. Taylor. a1st ed. aLondon :bSingular,c1997. ax, 244 p. 0aMentally handicappedxPsychological testing.@0000179319 0aMental retardationxDiagnosis.@00001793201